<?xml version="1.0" encoding="UTF-8"?>
<record
    xmlns:xsi="http://www.w3.org/2001/XMLSchema-instance"
    xsi:schemaLocation="http://www.loc.gov/MARC21/slim http://www.loc.gov/standards/marcxml/schema/MARC21slim.xsd"
    xmlns="http://www.loc.gov/MARC21/slim">

  <leader>01564nam a2200337 u 4500</leader>
  <controlfield tag="001">1494336</controlfield>
  <controlfield tag="005">20260508092525.0</controlfield>
  <controlfield tag="007">co|||||||</controlfield>
  <controlfield tag="008">180516s2018                        spa  </controlfield>
  <datafield tag="035" ind1=" " ind2=" ">
    <subfield code="a">1494336</subfield>
  </datafield>
  <datafield tag="040" ind1=" " ind2=" ">
    <subfield code="c">comduadb</subfield>
  </datafield>
  <datafield tag="041" ind1=" " ind2=" ">
    <subfield code="a">spa</subfield>
  </datafield>
  <datafield tag="082" ind1=" " ind2="4">
    <subfield code="a">343</subfield>
  </datafield>
  <datafield tag="100" ind1="1" ind2="0">
    <subfield code="a">Buitrago Correa, Laura Isabel</subfield>
    <subfield code="4">aut</subfield>
    <subfield code="e">aut</subfield>
    <subfield code="9">770811</subfield>
  </datafield>
  <datafield tag="245" ind1="1" ind2="3">
    <subfield code="a">La omisi&#xF3;n de socorro en el estado Colombiano</subfield>
  </datafield>
  <datafield tag="260" ind1=" " ind2=" ">
    <subfield code="a">Medell&#xED;n :</subfield>
    <subfield code="b">Autor(a),</subfield>
    <subfield code="c">2018.</subfield>
  </datafield>
  <datafield tag="300" ind1=" " ind2=" ">
    <subfield code="a">1 CD-ROM</subfield>
  </datafield>
  <datafield tag="520" ind1="3" ind2=" ">
    <subfield code="a">El trabajo de grado "La omisi&#xF3;n de socorro en el Estado colombiano, busca indagar por la adecuaci&#xF3;n del tipo penal de omisi&#xF3;n de socorro, contemplado en el art&#xED;culo 131 del C&#xF3;digo Penal, en el Estado colombiano, el cual asienta sus bases en el liberalismo y reconocimiento de una sociedad pluralista. Se determina los alcances y el debate que se ha desarrollado en torno a la tipificaci&#xF3;n de la omisi&#xF3;n de socorro y la imposici&#xF3;n de deberes positivos fundamentados en la "solidaridad social", y por &#xFA;ltimo, se propone una interpretaci&#xF3;n de este delito que sea acorde con los principios liberales y democr&#xE1;ticos.</subfield>
  </datafield>
  <datafield tag="650" ind1=" " ind2=" ">
    <subfield code="a">Omisi&#xF3;n (Derecho)</subfield>
    <subfield code="9">130152</subfield>
  </datafield>
  <datafield tag="650" ind1=" " ind2="7">
    <subfield code="a">Derecho penal</subfield>
    <subfield code="2">lemb</subfield>
    <subfield code="9">28562</subfield>
  </datafield>
  <datafield tag="650" ind1=" " ind2="7">
    <subfield code="a">Delitos por omisi&#xF3;n</subfield>
    <subfield code="2">lemb</subfield>
    <subfield code="9">3835</subfield>
  </datafield>
  <datafield tag="650" ind1=" " ind2=" ">
    <subfield code="a">Solidaridad social</subfield>
    <subfield code="9">60991</subfield>
  </datafield>
  <datafield tag="650" ind1=" " ind2=" ">
    <subfield code="a">Deberes</subfield>
    <subfield code="9">23547</subfield>
  </datafield>
  <datafield tag="650" ind1=" " ind2="7">
    <subfield code="a">Liberalismo</subfield>
    <subfield code="2">embne</subfield>
    <subfield code="9">32777</subfield>
  </datafield>
  <datafield tag="650" ind1=" " ind2=" ">
    <subfield code="a">Pluralismo</subfield>
    <subfield code="9">7429</subfield>
  </datafield>
  <datafield tag="650" ind1=" " ind2="7">
    <subfield code="a">Democracia</subfield>
    <subfield code="2">lemb</subfield>
    <subfield code="9">1551</subfield>
  </datafield>
  <datafield tag="700" ind1="1" ind2="0">
    <subfield code="a">Arias Holgu&#xED;n, Diana Patricia</subfield>
    <subfield code="4">ths</subfield>
    <subfield code="e">ths</subfield>
    <subfield code="9">384874</subfield>
  </datafield>
  <datafield tag="942" ind1=" " ind2=" ">
    <subfield code="c">TESIS</subfield>
  </datafield>
  <datafield tag="999" ind1=" " ind2=" ">
    <subfield code="c">777656</subfield>
    <subfield code="d">777656</subfield>
  </datafield>
  <datafield tag="502" ind1=" " ind2=" ">
    <subfield code="b">133</subfield>
    <subfield code="c">14</subfield>
  </datafield>
  <datafield tag="526" ind1=" " ind2=" ">
    <subfield code="a">135</subfield>
  </datafield>
  <datafield tag="952" ind1=" " ind2=" ">
    <subfield code="0">0</subfield>
    <subfield code="1">0</subfield>
    <subfield code="4">0</subfield>
    <subfield code="7">0</subfield>
    <subfield code="8">TESDIGBC</subfield>
    <subfield code="a">BC</subfield>
    <subfield code="b">BC</subfield>
    <subfield code="d">2018-05-16</subfield>
    <subfield code="e">Material adquirido por donaci&#xF3;n</subfield>
    <subfield code="i">C1285152</subfield>
    <subfield code="l">0</subfield>
    <subfield code="o">343.0986 B932 CD-ROM</subfield>
    <subfield code="p">1035068</subfield>
    <subfield code="r">2023-05-04 00:00:00</subfield>
    <subfield code="t">1</subfield>
    <subfield code="w">2023-05-04</subfield>
    <subfield code="y">DIGITAL</subfield>
  </datafield>
</record>
